| 000 | 00912nam a2200229 a 4500 | ||
|---|---|---|---|
| 001 | 000024610 | ||
| 005 | 20200930023251.0 | ||
| 008 | 110201s1962 mx r 000 0 spa d | ||
| 040 |
_aDO-SdBNP _bspa _cBNPHU |
||
| 082 |
_axxxxx _bM379o |
||
| 100 | 1 |
_aMartín Du Gard, Roger _950463 |
|
| 245 | 1 | 0 |
_aObras completas / _cRoger Martin Du Gard ; traducción Félix Caballero , Miguel Chamorro. |
| 250 | _a2a ed. | ||
| 260 |
_aMéxico, D. F. : _bAguilar, _c1962. |
||
| 300 |
_av. 2 ; _c18.5 cm. |
||
| 500 | _aIncluye notas al pie de las páginas. | ||
| 505 | 0 |
_gv. 2 _tObras completas. _tLos thibault: el verano de 1914. _tEpílogo. _tConfidencia africana. _tVieja francia. _tEl testamento del tío Leleu. _tLa hinchada. _tUn taciturno. _tNotas sobre André Gide. |
|
| 586 | _aPremio nobel de literatura de 1937. | ||
| 700 | 1 |
_aCaballero, Félix, _etr. _950464 |
|
| 700 | 1 |
_aChamorro, Miguel, _etr. _950465 |
|
| 049 | _aBNGR | ||
| 999 |
_c24103 _d24103 |
||